LEADER 01183nam0-22003491i-450- 001 990003855920403321 005 20080116102503.0 010 $a0-226-25312-0 035 $a000385592 035 $aFED01000385592 035 $a(Aleph)000385592FED01 035 $a000385592 100 $a20030910d--------km-y0itay50------ba 101 0 $aita 102 $aIT 200 1 $aBargaining Without Boundaries$eThe Multinational Corporation and International Labor Relations$fEdited by Robert J. Flanagan and Arnold R. weber. 210 $aChicago$alondon$cUniversity of Chicago Press$d1974. 215 $axxviii, 258 p.$d24 cm 300 $a[Proceedings of a conference sponsored by the Graduate School of Business, University of Chicago, the McKinsey Foundation, and the Johnson Foundation] 610 0 $aMultinazionali 610 0 $aRelazioni industriali 676 $aG/2.4 676 $aO/1.22 702 1$aFlanagan,$bRobert J. 702 1$aWeber,$bArnold Robert 801 0$aIT$bUNINA$gRICA$2UNIMARC 901 $aBK 912 $a990003855920403321 952 $aG/2.4 BAR$b8592/I$fSES 959 $aSES 996 $aBargaining Without Boundaries$9514980 997 $aUNINA LEADER 02658nam 2200553 450 001 9910789352403321 005 20230803034634.0 010 $a0-309-29125-9 010 $a0-309-29123-2 035 $a(CKB)3710000000103431 035 $a(EBL)3379296 035 $a(SSID)ssj0001213727 035 $a(PQKBManifestationID)11728398 035 $a(PQKBTitleCode)TC0001213727 035 $a(PQKBWorkID)11265773 035 $a(PQKB)10487621 035 $a(MiAaPQ)EBC3379296 035 $a(Au-PeEL)EBL3379296 035 $a(CaPaEBR)ebr10863955 035 $a(OCoLC)893439490 035 $a(EXLCZ)993710000000103431 100 $a20140507h20132013 uy| 0 101 0 $aeng 135 $aurcnu|||||||| 181 $ctxt 182 $cc 183 $acr 200 00$aAcute exposure guideline levels for selected airborne chemicals$hVolume 15 /$fCommittee on Acute Exposure Guideline Levels, Committee on Toxicology, Board on Environmental Studies and Toxicology, Division on Earth and Life Studies, National Research Council of the National Academies 210 1$aWashington, DC :$cThe National Academies Press,$d[2013] 210 4$dİ2013 215 $a1 online resource (295 p.) 300 $aDescription based upon print version of record. 311 $a0-309-29122-4 320 $aIncludes bibliographical references. 327 $a""Front Matter""; ""Preface""; ""Contents""; ""Acute Exposure Guideline Levels for Selected Airborne Chemicals, Volume 15""; ""National Research Council Committee Review of Acute Exposure Guideline Levels of Selected Airborne Chemicals""; ""Appendixes""; ""1 Ethyl Mercaptan Acute Exposure Guideline Levels""; ""2 Methyl Mercaptan Acute Exposure Guideline Levels""; ""3 Phenyl Mercaptan Acute Exposure Guideline Levels""; ""4 tert-Octyl Mercaptan Acute Exposure Guideline Levels""; ""5 Lewisite Acute Exposure Guideline Levels""; ""6 Methyl Isothiocyanate Acute Exposure Guideline Levels"" 327 $a""7 Selected Monoisocyanates Acute Exposure Guideline Levels"" 606 $aGases, Asphyxiating and poisonous$vCongresses 615 0$aGases, Asphyxiating and poisonous 676 $a615.91 712 02$aNational Research Council (U.S.).$bCommittee on Acute Exposure Guideline Levels, 712 02$aNational Research Council (U.S.).$bBoard on Environmental Studies and Toxicology, 712 02$aNational Research Council (U.S.).$bCommittee on Toxicology, 801 0$bMiAaPQ 801 1$bMiAaPQ 801 2$bMiAaPQ 906 $aBOOK 912 $a9910789352403321 996 $aAcute exposure guideline levels for selected airborne chemicals$92610632 997 $aUNINA